Noms des desserts - Statistiques

Statistiques générales
  • Ce quiz a été pris 189 fois
  • Le résultat moyen est 10 sur 12
Statistiques - réponses
Par images Réponse % Correct
Crêpe
98%
Macaron
98%
Brownie
97%
Donut
97%
Glace
97%
Cookie
96%
Crème brûlée
95%
Tiramisu
95%
Tarte citron meringuée
88%
Forêt noire
78%
Pastel de Nata
57%
Baklava
49%
Aucun quiz correspondant
Distribution des résultats
% des personnes avec chaque résultat
Percentile par nombre de réponses
Votre historique - résultats
Vous n’avez pas pris ce quiz